• 首页
  • 本馆介绍
  • 公告通知
  • 最新文献
  • 馆藏检索
  • 电子资源
  • 读者导购
  • 参考咨询
  • 我的图书馆
  • 登录
  • 详细信息显示
  • 放入我的书架
  • 预约/预借图书
  • 作者相关作品
  • 分类相关作品
  • 丛书相关作品
  • 出版社相关作品

书目信息

  • 表格格式
  • 工作单格式
  • 卡片格式
题名:
中国古代舞蹈史话
    
 
作者: 王克芬 编著
分册:  
出版信息: 北京   人民音乐出版社  1980
页数: 94页
开本: 21cm
丛书名: 舞蹈知识丛书
单 册:
中图分类: J709.2 , J7
科图分类:
主题词: 舞蹈史--中国--古代 , 舞蹈史 , 舞蹈
电子资源:
ISBN: 7-103-01272-5
000 00860oam2 2200277 450
001 003246170
005 20070803172303.70
010    @a7-103-01272-5@dCNY11.30
100    @a20060803e20041980em y0chiy0110 ea
101 0  @achi
102    @aCN@b110000
105    @aa z 000yy
200 1  @a中国古代舞蹈史话@9zhong guo gu dai wu dao shi hua@f王克芬编著
210    @a北京@c人民音乐出版社@d1980@h2004重印
215    @a94页@c图@d21cm
225 2  @a舞蹈知识丛书
330    @a本书介绍了原始舞蹈、奴隶社会的礼仪祭祀舞和乐舞奴隶、;春秋、战国、汉代、两晋、南北朝、唐、宋、明、清时代的舞蹈发展历史。
461  0 @12001 @a舞蹈知识丛书
606 0  @a舞蹈史@y中国@z古代
606 0  @a舞蹈史
606 0  @a舞蹈
690    @aJ709.2@v4
690    @aJ7@v3
701  0 @a王克芬@9wang ke fen@c(女,@f1927.4~)@4编著
801  0 @aCN@bNLC@c20070803
905    @a10447@dJ7@e2
    
    中国古代舞蹈史话/王克芬编著.-北京:人民音乐出版社,1980(2004重印)
    94页:图;21cm.-(舞蹈知识丛书)
    
    
    ISBN 7-103-01272-5:CNY11.30
    本书介绍了原始舞蹈、奴隶社会的礼仪祭祀舞和乐舞奴隶、;春秋、战国、汉代、两晋、南北朝、唐、宋、明、清时代的舞蹈发展历史。
●
相关链接 在E读中查询图书 在五车中查询图书 在当当中查询图书 在豆瓣中查询图书


正题名:中国古代舞蹈史话     索取号:J7/2         预约/预借

序号 登录号 条形码 馆藏地/架位号 状态 备注
1 0805236   208052364   第一样本阅览室/ [索取号:J7/2] 在馆    
2 0805237   208052373   第一借阅区/ [索取号:J7/2] 在馆    
3 0805238   208052382   第一借阅区/ [索取号:J7/2] 在馆    
4 0805239   208052391   第一借阅区/ [索取号:J7/2] 在馆    
5 0805240   208052408   密集书库-音乐系/ [索取号:J7/2] 在馆    
唐山师范学院图书馆 欢迎您!
大连网信软件有限公司© 版权所有